000 00353nam a22001457a 4500
999 _c193582
_d193582
008 221102b ||||| |||| 00| 0 eng d
082 _aN-SRI
100 _aSRIBM
245 _aSHUNYA
_hENGLISH
260 _aNEW DELHI
_bA.I.C.B
_cROHINI
270 _aA.I.C.B,ROHINI NEW DELHI
300 _a.
_b.
_c12X13
490 _v1-3
942 _2ddc
_cBRLEN
_kN
_mSRI